Addition Chain #1 - Statistics

General Stats
  • This quiz has been taken 37 times
  • The average score is 14 of 15
Answer Stats
Hint Answer % Correct
Double the answer of above 1024
100%
Double the answer of above 16
100%
Double the answer of above 2048
100%
Double the answer of above 32
100%
2+2 4
100%
Double the answer of above 4096
100%
Double the answer of above 512
100%
Double the answer of above 64
100%
Double the answer of above 8
100%
Double the answer of above 128
97%
Double the answer of above 256
97%
Double the answer of above 8192
97%
Double the answer of above 16384
86%
Double the answer of above 32768
86%
Double the answer of above 65536
74%
No matching quizzes found
Score Distribution
Percent of People with Each Score
Percentile by Number Answered
Your Score History
You have not taken this quiz